00501nam a2200181Ii 450000100060000000300090000600800410001504000330005604100080008908200150009710000180011224500340013026400620016430000120022633600260023833700280026433800270029212077CO-ViMGA241108s9999||||xx |||||||||||||| ||und|| aCO-ViMGAbspaerdacCO-ViMGA0 aunk04a395.1 R9181 aClaudia Rueda10aGuía Alegre de la Urbanidad 1a[Lugar de publicación no identificado] : Tecimpre, 1995 avolumen atextbtxt2rdacontent aunmediatedbn2rdamedia avolumebnc2rdacarrier